<?xml version="1.0" encoding="UTF-8"?><?xml-stylesheet type="text/xsl" href="static/style.xsl"?><OAI-PMH xmlns="http://www.openarchives.org/OAI/2.0/" xmlns:xsi="http://www.w3.org/2001/XMLSchema-instance" xsi:schemaLocation="http://www.openarchives.org/OAI/2.0/ http://www.openarchives.org/OAI/2.0/OAI-PMH.xsd"><responseDate>2026-04-17T06:38:41Z</responseDate><request verb="GetRecord" identifier="oai:www.recercat.cat:10256/24598" metadataPrefix="marc">https://recercat.cat/oai/request</request><GetRecord><record><header><identifier>oai:recercat.cat:10256/24598</identifier><datestamp>2024-05-22T11:40:19Z</datestamp><setSpec>com_2072_452966</setSpec><setSpec>com_2072_2054</setSpec><setSpec>col_2072_452968</setSpec></header><metadata><record xmlns="http://www.loc.gov/MARC21/slim" xmlns:dcterms="http://purl.org/dc/terms/" xmlns:xsi="http://www.w3.org/2001/XMLSchema-instance" xmlns:doc="http://www.lyncode.com/xoai" xsi:schemaLocation="http://www.loc.gov/MARC21/slim http://www.loc.gov/standards/marcxml/schema/MARC21slim.xsd">
   <leader>00925njm 22002777a 4500</leader>
   <datafield ind2=" " ind1=" " tag="042">
      <subfield code="a">dc</subfield>
   </datafield>
   <datafield ind2=" " ind1=" " tag="720">
      <subfield code="a">Tarradas-Martínez, Laia</subfield>
      <subfield code="e">author</subfield>
   </datafield>
   <datafield ind2=" " ind1=" " tag="260">
      <subfield code="c">2023-06</subfield>
   </datafield>
   <datafield ind2=" " ind1=" " tag="520">
      <subfield code="a">La Costa Brava ha sigut un important punt d’atracció per a totes les mirades, tant &#xd;
locals com estrangeres, des de principis de segle. El canvi tendencial cap a un &#xd;
turisme massiu al voltant dels anys 50, provoca una sèrie de planejaments i &#xd;
urbanitzacions que van modificar part d’aquest paisatge mediterrani. Aquest article &#xd;
d’investigació es focalitza en un projecte turístic, de l’arquitecte Antoni Bonet i &#xd;
Castellana: el complex turístic Costa d’Aro a Platja d’Aro. La finalitat principal és&#xd;
treure a la llum material inèdit que relaciona aquesta arquitectura turística dels anys &#xd;
50-60 amb la transformació del nostre paisatge mediterrani. A més d’analitzar el &#xd;
projecte Costa d’Aro com a cas d’estudi principal, també se’l relaciona amb d’altres &#xd;
que han tingut poca repercussió i reconeixement al llarg de totes les investigacions &#xd;
realitzades fins a dia d’avui, descobrint uns elements en comú que defineixen una &#xd;
manera de projectar i tractar el paisatge pròpia de l’arquitecte</subfield>
   </datafield>
   <datafield ind2=" " ind1=" " tag="520">
      <subfield code="a">9</subfield>
   </datafield>
   <datafield ind1="8" ind2=" " tag="024">
      <subfield code="a">http://hdl.handle.net/10256/24598</subfield>
   </datafield>
   <datafield tag="653" ind2=" " ind1=" ">
      <subfield code="a">Tourist trade and city planning</subfield>
   </datafield>
   <datafield tag="653" ind2=" " ind1=" ">
      <subfield code="a">Turisme i urbanisme</subfield>
   </datafield>
   <datafield tag="653" ind2=" " ind1=" ">
      <subfield code="a">Costa Brava (Catalunya)</subfield>
   </datafield>
   <datafield tag="653" ind2=" " ind1=" ">
      <subfield code="a">Tourist trade and city planning -- 1950-1960</subfield>
   </datafield>
   <datafield tag="653" ind2=" " ind1=" ">
      <subfield code="a">Turisme i urbanisme -- 1950-1960</subfield>
   </datafield>
   <datafield tag="653" ind2=" " ind1=" ">
      <subfield code="a">Bonet Castellana, Antoni, 1913-1989</subfield>
   </datafield>
   <datafield ind2="0" ind1="0" tag="245">
      <subfield code="a">El turisme com a element transformador del  paisatge mediterrani de la Costa Brava : estudi del complex turístic “Costa d’Aro” de l’arquitecte Antoni Bonet i  Castellana = Tourism as a transforming element of the  Mediterranean landscape of the Costa Brava : study of the “Costa d’Aro” tourist complex by the architect Antoni Bonet</subfield>
   </datafield>
</record></metadata></record></GetRecord></OAI-PMH>